Vocabulaire anglais : Le commentaire de texte - Statistiques

Statistiques générales
  • Ce quiz a été pris 49 fois
  • Le résultat moyen est 16 sur 147
Statistiques - réponses
Hint Réponse % Correct
un auteur, un écrivain a writer
82%
un journaliste a journalist
76%
un auteur an author
63%
un texte a text
50%
un point essentiel, un argument a point
45%
un paradoxe a paradox
34%
une philosophie a philosophy
34%
une citation a quote
34%
un stéréotype a stereotype
34%
évident obvious
34%
une antithèse an antithesis
32%
expliquer to explain
32%
révéler to reveal
32%
un contraste a contrast
29%
une synthèse a synthesis
29%
une thèse a thesis
29%
un cliché a cliché
26%
une objection an objection
26%
un objectif, une cible a target
26%
un sujet a topic
26%
développer to develop
26%
un but, un objectif an aim
24%
une transition a transition
24%
convaincant convincing
24%
une ligne, un vers a line
21%
un résumé a summary
21%
convaincre to convince
21%
citer to quote
21%
supposer to suppose
21%
une analyse an analysis
18%
de manière évidente obviously
18%
définir to define
18%
illustrer to illustrate
18%
clair(ement) clear(ly)
16%
ironique(ment) ironical(ly)
16%
exprimer to express
16%
suggérer to suggest
16%
une critique a criticism
13%
un argument, une dispute an argument
13%
un passage a passage
13%
considérer, envisager to consider
13%
dévoiler to expose
13%
(se) concentrer sur to focus on
13%
de manière convaincante convincingly
11%
littéral(ement) literal(ly)
11%
logique(ment) logical(ly)
11%
le morale de l'histoire the moral of the story
11%
critiquer to criticize
11%
démontrer to demonstrate
11%
examiner to examine
11%
faire référence à to refer to
11%
une controverse, une polémique a controversy
8%
une supposition, une hypothèse an assumption
8%
un examen an examination
8%
un préjugé a prejudice
8%
proche, voisin close
8%
concis concise
8%
exhaustif, complet exhaustive
8%
pertinent relevant
8%
la portée, l'étendue the scope
8%
faire une digression to digress
8%
(dés)approuver to (dis)approve
8%
(in)intéressant (un)interesting
8%
un parti pris, un préjugé a bias
5%
tout bien considéré all things considered
5%
un sujet, un problème an issue
5%
un dramaturge a playwright
5%
fallacieux fallacious
5%
humoristique (avec humour) humorous(ly)
5%
trompeur misleading
5%
paradoxal(ement) paradoxical(ly)
5%
cinglant, acerbe sharp
5%
être lié à to be related to
5%
laisser entendre, impliquer to imply
5%
noter, remarquer (un fait) to note (a fact)
5%
remarquer (un détail) to notice (a detail)
5%
omettre to omit
5%
résulter de to result from
5%
résumer, recapituler to sum up
5%
un simple énoncé des faits a bare statement of facts
3%
un sujet brûlant a burning issue
3%
une contradiction, une divergence a discrepancy
3%
un compte-rendu, un exposé an account
3%
une allusion an allusion, a hint
3%
un extrait an extract, an excerpt
3%
une vue, une perspective (sur) an outlook (on)
3%
une litote an understatement
3%
une déclaration a statement
3%
un point de vue a viewpoint
3%
banal, ordinaire commonplace
3%
avec concision concisely
3%
logique, compatible (avec) consistent (with)
3%
désobligeant, méprisant disparaging(ly)
3%
passionnant exciting
3%
complètement exhaustively
3%
forcé, tiré par les cheveux far-fetched
3%
rebattu, galvaudé hackneyed
3%
pur(ement) et simple(ment) mere(ly)
3%
réservé, sans se compromettre non-committal
3%
à première vue on the face of it
3%
franc, carré outspoken
3%
aussi paradoxal que cela puisse paraître paradoxically enough
3%
faux, apocryphe spurious
3%
honnête, franc / simple straightforward
3%
aussi étrange que cela puisse paraître strangely enough
3%
c'est un point discutable that is a moot point
3%
là n'est pas le problème that is not the point
3%
les arguments pour/contre the case for / against
3%
l'insistance, l'accent the stress, the emphasis
3%
préconiser to advocate
3%
viser, aspirer à to aim at + gérondif
3%
faire allusion à to allude to, to hint at
3%
avoir des préjugés contre to be prejudiced / biased against
3%
prétendre to claim
3%
commenter to comment on
3%
communiquer, faire passer to convey
3%
attirer l'attention du lecteur sur to draw the reader's attention to
3%
s'arrêter, s'étendre sur to dwell on
3%
éluder, éviter to elude, to evade
3%
déduire, conclure to infer
3%
mettre l'accent sur, souligner to lay the emphasis on
3%
soulever des objections to raise objections
3%
concilier, réconcilier to reconcile
3%
aboutir à to result in
3%
déclarer to state
3%
prendre en considération to take into consideration
3%
(im)partial (un)biased
3%
intransigeant uncompromising
3%
en se refusant à toute concession uncompromisingly
3%
perspicace, aigu acute
0%
une question d'actualité a topical question
0%
le noeud de l'affaire the heart of the matter
0%
justifier, expliquer to account for
0%
viser, aspirer à to aim to + infinitif
0%
se montrer critique à l'égard de to be critical of
0%
s'engager à quelquechose to commit oneself to something
0%
développer to enlarge on
0%
entraîner, comporter to entail
0%
exposer, expliquer to expound
0%
faire l'éloge de to extol, to praise
0%
adresser des critiques à to level criticism at
0%
élever une objection (contre) to object (to)
0%
oublier, négliger to overlook
0%
exprimer une opinion, un avis to put forward an opinion
0%
découler de to stem from
0%
mettre l'accent sur to stress, to emphasize
0%
soutenir/appuyer une opinion to support an opinion
0%
Aucun quiz correspondant
Distribution des résultats
% des personnes avec chaque résultat
Percentile par nombre de réponses
Votre historique - résultats
Vous n’avez pas pris ce quiz